SMM7 (Record no. 104171)
[ view plain ]
| 000 -LEADER | |
|---|---|
| fixed length control field | 01059cam a2200253 4500 |
| 001 - CONTROL NUMBER | |
| control field | ##E129390 |
| 008 - FIXED-LENGTH DATA ELEMENTS--GENERAL INFORMATION | |
| fixed length control field | 050415n2006 000 0 eng u |
| 020 ## - INTERNATIONAL STANDARD BOOK NUMBER | |
| International Standard Book Number | 1842192280 |
| -- | 9781842192280 |
| 035 ## - SYSTEM CONTROL NUMBER | |
| System control number | (Sirsi) u129390 |
| 041 0# - LANGUAGE CODE | |
| Language code of text/sound track or separate title | eng |
| 050 04 - LIBRARY OF CONGRESS CALL NUMBER | |
| Classification number | 692.3 $2 18 |
| 100 1# - MAIN ENTRY--PERSONAL NAME | |
| Personal name | Davidson, John |
| 245 00 - TITLE STATEMENT | |
| Title | SMM7 |
| Remainder of title | questions and answers |
| 260 ## - PUBLICATION, DISTRIBUTION, ETC. | |
| Place of publication, distribution, etc. | London |
| Name of publisher, distributor, etc. | RICS |
| Date of publication, distribution, etc. | 2006 |
| 300 ## - PHYSICAL DESCRIPTION | |
| Extent | viii, 104p. |
| Other physical details | ill |
| Dimensions | 30cm. |
| 350 ## - PRICE (NR) (BK AM CF MU VM SE) [OBSOLETE] | |
| Price | 24.99 |
| 520 ## - SUMMARY, ETC. | |
| Summary, etc. | Provides a rapid reference guide to common SMM7 (ISBN 0854063609) measurement problems with answers to real questions received by the SMM7 queries secretary. Follows the same structure as SMM7 and will help surveyors and estimators understand in a clear and practical way the more confusing aspects of the measurement code. Includes over 400 answers to frequently asked questions, including illustrations. |
| 590 ## - LOCAL NOTE (RLIN) | |
| Local note | IKA031006 |
| 651 #4 - SUBJECT ADDED ENTRY--GEOGRAPHIC NAME | |
| Geographic name | United Kingdom |
| Chronological subdivision | |
| 690 ## - LOCAL SUBJECT ADDED ENTRY--TOPICAL TERM (OCLC, RLIN) | |
| Topical term or geographic name as entry element | BUILT ENVIRONMENT-QUANTITY SURVEYING-STANDARD METHOD OF MEASURMENT |
| 700 1# - ADDED ENTRY--PERSONAL NAME | |
| Personal name | Hambleton, Paul |
| 942 ## - ADDED ENTRY ELEMENTS (KOHA) | |
| Suppress in OPAC | 0 |
| Withdrawn status | Lost status | Source of classification or shelving scheme | Damaged status | Not for loan | Home library | Current library | Shelving location | Date acquired | Total Checkouts | Full call number | Barcode | Date last seen | Copy number | Price effective from | Koha item type | Date last checked out |
|---|---|---|---|---|---|---|---|---|---|---|---|---|---|---|---|---|
| Dewey Decimal Classification | London | London | RICS Boxes | 04/10/2006 | RICS 2006/33 | 30073332 | 06/08/2019 | 1 | 06/08/2019 | Archive | ||||||
| Dewey Decimal Classification | London | London | Folio | 04/10/2006 | F692.3 DAV | 30073333 | 06/08/2019 | 1 | 06/08/2019 | Reference material | ||||||
| Dewey Decimal Classification | London | London | Folio | 04/10/2006 | 25 | F692.3 DAV | 30073334 | 06/08/2019 | 2 | 06/08/2019 | Book | 14/01/2010 |